Wyjściowy Skład Polski przeciwko Portugalii - Euro2016 - Statystyki

Ogólne statystyki
  • Ten quiz został rozwiązany 89 razy
  • Średni wynik to 10 z 11
Statystyki odpowiedzi
Pozycja Zawodnik % Poprawnych
Napastnik Lewandowski
99%
Bramkarz Fabiański
96%
Napastnik Milik
96%
Obrońca Pazdan
95%
Pomocnik Błaszczykowski
93%
Obrońca Glik
93%
Obrońca Piszczek
86%
Pomocnik Grosicki
85%
Pomocnik Krychowiak
85%
Obrońca Jędrzejczyk
73%
Pomocnik Mączyński
66%
Nie znaleziono quizów pasujących do podanych kryteriów
Rozkład punktacji
Procent ludzi z każdym wynikiem
Percentyl według liczby udzielonych odpowiedzi
Twoja historia wyników
Nie rozwiązałeś tego quizu